Від русофільства до москвофільства: російський чинник у громадській думці та суспільно-політичному житті галицьких українців у ХІХ столітті (Запис № 395056)

МАРК-запис
000 -Лідер
fixed length control field 01788nam a22002897a 4500
001 - Контрольний номер
control field 109153
003 - Ідентифікатор контрольного номера
control field UA-OsUOA
005 - Дата та час останнього входження (трансакції)
control field 20210930153038.0
007 - Фіксоване поле фізичного опису
fixed length control field ta
008 - Елементи даних фіксованої довжини – загальна інформація
fixed length control field 20141204b un ||||| |||| 00| 0 ukr d
020 ## - Міжнародний стандартний книжковий номер (ISBN)
Міжнародний стандартний книжковий номер (ISBN) (НП) 966-613-301-6
040 ## - Джерело каталогізації
Агенція оригінальної каталогізації UA-OsUOA
Мова каталогізації ukr
Агенція, яка здійснювала перезапис UA-OsUOA
Агенція, яка здійснювала модифікацію UA-OsUOA
041 ## - Код мови
Код мови тексту/ звукової доріжки чи окремого заголовка (П) ukr
080 ## - Індекс Універсальної десяткової класифікації
Індекс Універсальної десяткової класифікації (УДК) (НП) 94(477)83/86
090 ## - Локальний шифр розміщення
Класифікаційний індекс УДК 94(477)83/86
Авторський знак (НП) С91
100 ## - Основне введення – ім’я особи
Ім’я особи (НП) Сухий О.
245 ## - Відомості про назву
Назва (НП) Від русофільства до москвофільства: російський чинник у громадській думці та суспільно-політичному житті галицьких українців у ХІХ столітті
260 ## - Публікація, розповсюдження і т.п. (Вихідні дані)
Місце публікації, розповсюдження і т.п. (П) Львів
Ім’я/ наймення видавництва, розповсюджувача і т.п. (П) ЛНУ ім. Івана Франка
Дата публікації, розповсюдження і т.п. (П) 2003
300 ## - Фізичний опис
Обсяг 499 с.
520 3# - Резюме і т.п.
Резюме, реферат, анотація, тощо (НП) Зміст1. Етносоціальні процеси в Галичині у першій половині ХІХ ст. та зародження русофільського руху2. Русофільська течія в 60-х - на початку 80-х рр.: ідеологія та політична практика3. Національно-культурні організації русофільстького напряму: о
520 3# - Резюме і т.п.
Резюме, реферат, анотація, тощо (НП) сновні види та зміст діяльності4. Російський чинник у громадсько-політичному житті Галичини
650 #7 - Додаткове предметне введення – тематичний термін
Тематичний термін чи географічна назва, як елемент введення (НП) 9 Географія. Біографії. Історія
Джерело заголовка чи терміна UDC
856 40 - Електронне місцезнаходження та доступ
Уніфікований ідентифікатор ресурсу (П) http://irbis-nbuv.gov.ua/cgi-bin/ua/elib.exe?Z21ID=&I21DBN=UKRLIB&P21DBN=UKRLIB&S21STN=1&S21REF=10&S21FMT=online_book&C21COM=S&S21CNR=20&S21P01=0&S21P02=0&S21P03=FF=&S21STR=ukr0005105
942 ## - Додаткові елементи входу (Коха)
Тип елемента Koha Книги
Source of classification or shelving scheme Universal Decimal Classification
955 ## - Код типу видання за змістом
Код типу видання за змістом (НП) Наукові видання
Фонди
Стан вилучень Стан втрат Джерело класифікації або схеми стелажів Стан уражень Не для кредиту Код колекції Постійне місце розташування Поточне розміщення Дата придбання Джерело придбання Вартість, звичайна ціна покупки Інвентарний номер Усього замовленно Повний номер виклику Штрих-код Дата останнього перегляду Ціна ефективна від Тип елемента Koha
    Universal Decimal Classification     Колекція Скрипнюка О.В. АБ - Абонемент НБ АБ - Абонемент НБ 04/12/2014 43/2014 35.00 146901   94(477)83/86 С91 146901 06/02/2022 04/12/2014 Книги